words start L [250 common english word] - Statistics

General Stats
  • This quiz has been taken 10 times
  • The average score is 12 of 16
Answer Stats
Hint Answer % Correct
4 last
100%
11 like
90%
13 live
90%
14 low
90%
1 land
80%
3 late
80%
5 let
80%
12 life
80%
10 light
80%
15 look
80%
16 long
70%
6 left
60%
8 line
60%
7 learn
50%
9 little
40%
2 large
30%
No matching quizzes found
Score Distribution
Percent of People with Each Score
Percentile by Number Answered
Your Score History
You have not taken this quiz